000 00667nam a2200205 i 4500
001 76214
003 ES-MaACL
005 20230906172746.0
007 t|
008 040929s1973 sp ||||1| spa d
100 1 _aGuenee, Bernard.
_960437
245 1 0 _aOccidente durante los siglos XIV y XV
_b: los estados /
_cBernard Guenee ; traducción y apéndice bibliográfico por Manuel Sánchez Martínez.
260 _aBarcelona :
_bLabor,
_c1973.
300 _aXVI, 313 p. ;
_c20 cm.
490 1 _aNueva clío
700 1 _aSánchez Martínez, Manuel.
_9102765
830 0 _aNueva clío
_9182610
852 _aES-MaACL
_jC-55511
_bR.88190
999 _c76214
_d76214